00531nam a2200181 a 45000010010000000030011000100080041000210350026000620820016000881000022001042450031001262600037001576500019001949420012002139520089002259980020003149990015003340000-8825ELIB.Books110520 1962  a(ELIB.Books)0000-8971 a248.3 bFul aFulton, Mary Beth aThis Love of which I Speak bChicago: The Judson Press c1962 aChristian Life 2ddccBK 00102ddc4070aKBTSbKBTSd2011-05-20l0p411r2022-01-22 00:00:00w2022-01-22yBK cbate2011-05-20 c8825d8825